| 000 | 00449cam a2200181ua 4500 | ||
|---|---|---|---|
| 001 | 2991 | ||
| 008 | 110921n ii |||gr||||Z||||||asm | ||
| 040 | _cMAIN | ||
| 082 | _a920 | ||
| 100 | 1 |
_aSharma, Mukul kumar, _eAuthor. |
|
| 245 | 1 | 1 |
_aMahatma Gandhi _cby Mukul kumar Sharma |
| 250 | _a2nd. | ||
| 260 |
_aJorhat: _bUnika prakashan, _c2010. |
||
| 300 |
_a47p: _c23cm. |
||
| 653 | _aBiography | ||
| 653 | _aBiography of Mahatma Gandhi | ||
| 942 | _cBK | ||
| 999 |
_c2839 _d2839 |
||